01479nam a22002297a 450000500170000000800410001704000700005824500550012826000420018330000380022550003980026350801300066151102050079165000170099665000400101365000170105370000160107070000320108685600340111885600890115204100080124120170608110958.0130808s2002 xxu g 000 0 eng  aCO-BoUCMcAngélica Rojas (modificó)dAldemar Mondragónbspa00aMinority reporth[DVD]cSteven Spielberg, director a[Washington]b20th Century Fox c2002 a1 disco (144 min.)bsonido, color aSIPNOSIS: Washington DC, año 2054. La policía utiliza tecnología psíquica para arrestar y enjuiciar a los asesinos antes de que cometan un crimen. El futuro se puede predecir y los culpables son detenidos por la unidad de élite Precrime antes de que puedan delinquir. Las pruebas se basan en los "precogs", tres seres psíquicos cuyas visiones sobre los asesinatos nunca han fallado aCREDITOS: Guión Scott Frank & Jon Cohen (Historia: Philip K. Dick) ; Música John Williams ; Fotografía Janusz Kaminski aREPARTO: Tom Cruise, Colin Farrell, Samantha Morton, Max Von Sydow, Tim Blake Nelson, Kathryn Morris, Peter Stormare, Steve Harris, Neal McDonough, Patrick Kilpatrick, Jessica Capshaw, Meredith Monroe 7aDelitosvDvd 7aPelículas cinematográficasvDvd 7aPoliciavDvd1 aCruise, Tom1 aSpielberg, Stevenedirector uhttp://www.minorityreport.com04uhttp://www.youtube.com/watch?v=q2bmImPNKbMzSiga este vínculo para ver el trailer. aeng